| 000 -LEADER |
| fixed length control field |
01155nam a2200241Ia 4500 |
| 001 - CONTROL NUMBER |
| control field |
10466 |
| 003 - CONTROL NUMBER IDENTIFIER |
| control field |
GE_BSU |
| 008 - FIXED-LENGTH DATA ELEMENTS--GENERAL INFORMATION |
| fixed length control field |
181216s||||||||xx |||||||||||||| ||und|| |
| 020 ## - INTERNATIONAL STANDARD BOOK NUMBER |
| International Standard Book Number |
9789992895269 |
| 040 ## - CATALOGING SOURCE |
| Transcribing agency |
GE_BSU |
| 080 ## - UNIVERSAL DECIMAL CLASSIFICATION NUMBER |
| Universal Decimal Classification number |
821.353.1–3+821.353.1-311.6+821.353.1-94 |
| 100 ## - MAIN ENTRY--PERSONAL NAME |
| Personal name |
გოთუა,ლევან |
| 245 ## - TITLE STATEMENT |
| Title |
ქართული პროზა წ.27.შალვა რადიანი:უბედური რუსი;რაც გამახსენდა |
| 245 ## - TITLE STATEMENT |
| Statement of responsibility, etc. |
სარედ.კოლ.რ.თვარაძე და სხვ.შემდგ.რედ.ჯ.ღვინჯილია.ვ.ჯავახაძე.რედ.ზაურ კილაძეე.მხატვ.დავით დუნდუა. თ. შარიფაშვილი |
| 260 ## - PUBLICATION, DISTRIBUTION, ETC. |
| Place of publication, distribution, etc. |
თბილისი |
| 260 ## - PUBLICATION, DISTRIBUTION, ETC. |
| Name of publisher, distributor, etc. |
საქართველო |
| 260 ## - PUBLICATION, DISTRIBUTION, ETC. |
| Date of publication, distribution, etc. |
1996 |
| 300 ## - PHYSICAL DESCRIPTION |
| Extent |
584გვ.20სმ. |
| 653 ## - INDEX TERM--UNCONTROLLED |
| Uncontrolled term |
ქართული პროზა |
| 653 ## - INDEX TERM--UNCONTROLLED |
| Uncontrolled term |
შალვა რადიანი:უბედური რუსი;რაც გამახსენდა |
| 942 ## - ADDED ENTRY ELEMENTS (KOHA) |
| Koha item type |
წიგნი |